Which Milky Way Planet… - Statistics

General Stats
  • This quiz has been taken 9 times
  • The average score is 15 of 27
Answer Stats
Hint Answer % Correct
…has the highest gravitational pull, at 2.54g? Jupiter
89%
…was made into a “sandwich” in 2020, when two slices of bread were placed on opposite sides of the planet? Earth
78%
…is home to the Great Red Spot, a storm larger than Earth which has been ongoing for hundreds of years? Jupiter
78%
…has two moons, Phobos and Deimos? Mars
78%
…has concrete evidence that water once flowed on its surface, and has a canyon system dwarfing the Grand Canyon? Mars
78%
…does not have a moon, and wouldn’t be able to due to the Sun’s gravitational pull? Mercury
78%
…was re-classified as a dwarf planet in 2006? Pluto
78%
…spins on its side? Uranus
78%
…is by the hottest planet in our solar system at 460°C, hot enough to melt lead? Venus
78%
…is named after the Roman god of war? Mars
67%
…was discovered solely by mathematical calculations in 1846? Neptune
67%
…was named by an 11 year old girl in Oxford, England in 1930? Pluto
67%
…has several active global tectonic plates, including the Nazca, Cocos, and Juan de Fuca plates? Earth
56%
…ranges from 430°C during the day to -180°C at night? Mercury
56%
…has a moon named Triton, who, in Greco-Roman mythology, was the son of this planet’s namesake? Neptune
56%
…is the most similar to Earth in size and shape, often called its “twin”? Venus
56%
…is covered in volcanoes and sulfuric acid clouds? Venus
56%
…is home to a massive, extremely radioactive mass, which formed in 1986, known as the “elephant’s foot”? Earth
44%
…has the most moons? Saturn
44%
…has rings made of ice and dust which extend over 280,000km from its surface, but are only around 9 meters thick? Saturn
44%
…has a density lower than water? Saturn
44%
…has dust storms which last for months and cover the entire planet? Mars
33%
…is the smallest of the gas giants? Neptune
33%
…was the first planet discovered by telescope in 1781? Uranus
33%
…is home to the ever-burning Darvaza gas crater, nicknamed the “Door to Hell”? Earth
22%
…has a consistent and clear hexagonal cloud pattern at its north pole? Saturn
22%
…has days which are twice as long as its years due to its fast orbit and slow rotation? Mercury
11%
No matching quizzes found
Score Distribution
Percent of People with Each Score
Percentile by Number Answered
Your Score History
You have not taken this quiz